Сборник 3; Новейшая тектоника, новейшие отложения и человек

Detalhes bibliográficos
Parent link:Новейшая тектоника, новейшие отложения и человек: [сборник]/ Московский государственный университет им. М. В. Ломоносова. Сборник 3.— , 1969-
Outros Autores: Николаев Н. И. (редактор), Наймарк А. А.
Idioma:russo
Publicado em: 1972
Assuntos:
Formato: Livro
KOHA link:https://koha.lib.tpu.ru/cgi-bin/koha/opac-detail.pl?biblionumber=203819

MARC

LEADER 00000nam2a2200000 4500
001 203819
005 20231101225155.0
035 |a (RuTPU)RU\TPU\book\222120 
035 |a RU\TPU\book\363753 
035 |a RU\TPU\book\210647 
035 |a RU\TPU\book\220736 
090 |a 203819 
100 |a 20171102d1972 k y0rusy50 ca 
101 0 |a rus 
102 |a RU 
105 |a a z 001zy 
200 0 |a Сборник 3  |f под ред. Н. И. Николаева и А. А. Наймарка 
210 |d 1972 
215 |a 278 с.  |c ил. 
320 |a Библиография в конце статей 
461 1 |0 (RuTPU)RU\TPU\book\210541  |t Новейшая тектоника, новейшие отложения и человек  |o [сборник]  |f Московский государственный университет им. М. В. Ломоносова  |v Сборник 3  |d 1969-  
606 1 |a Геотектоника  |2 stltpush  |3 (RuTPU)RU\TPU\subj\6228  |9 34162 
606 1 |a Человек ископаемый  |x (антропология)  |2 stltpush  |3 (RuTPU)RU\TPU\subj\67057  |9 82947 
610 1 |a неотектоника 
610 1 |a карты 
610 1 |a международное сотрудничество 
610 1 |a Европа 
610 1 |a вулканизм 
610 1 |a районирование 
610 1 |a новейшие отложения 
610 1 |a стратиграфия 
610 1 |a методы изучения 
675 |a 551.24  |v 4 
675 |a 572  |v 4 
702 1 |a Николаев  |b Н. И.  |4 340 
702 1 |a Наймарк  |b А. А.  |4 340 
801 1 |a RU  |b 63413507  |c 20111111 
801 2 |a RU  |b 63413507  |c 20221208  |g RCR 
942 |c BK